000 00396nam a2200157Ia 4500
008 230312s9999||||xx |||||||||||||| ||und||
020 _a81-7758-748-7
082 _a621.37
_bWIT-E
100 _aWitte,Robert.A
245 0 _aElectronic Test Instruments
260 _bPearson Education
_aIndia
_c2008
300 _a371
546 _aEng.
650 _aEngineering
_vMeasurement Theory
942 _cBK
999 _c1600
_d1600